Guillermo de Torre /

Biografía del escritor español Guillermo de Torre quien fuera promotor del ultraismo, movimiento literario de vanguardia netamente español pero que se difundió algunos lugares de América Latina como fue Argentina. De Torre vivió gran parte de su vida en Argentina.

Shranjeno v:
Bibliografske podrobnosti
Glavni avtor: Zuleta, Emilia de (autor)
Format: Knjiga
Jezik:španščina
Izdano: Buenos Aires, Argentina : Ediciones Culturales Argentinas : Ministerio de Educación y Justicia, 1962, c1962
Serija:(Biblioteca del Sesquicentenario)
Teme:
Oznake: Označite
Brez oznak, prvi označite!

MARC

LEADER 00000nam^a2200000^a^4500
001 000156736
005 20250521000000.0
009 20260310100514.918
037 |a Acervo ITESO - Biblioteca 
041 |a ESP 
082 |a 860. 946074  |b ZUL 
100 |a Zuleta, Emilia de  |e (autor) 
245 1 0 |a Guillermo de Torre /  |c E. de Zuleta. 
264 4 |a Buenos Aires, Argentina :  |b Ediciones Culturales Argentinas :  |b Ministerio de Educación y Justicia,  |c 1962, c1962 
300 |a 174 p. 
336 |a texto  |b txt  |2 rdacontenido 
337 |a sin mediación  |b n  |2 rdamedio 
338 |a volumen  |b nc  |2 rdasoporte 
440 1 |a (Biblioteca del Sesquicentenario) 
520 |a Biografía del escritor español Guillermo de Torre quien fuera promotor del ultraismo, movimiento literario de vanguardia netamente español pero que se difundió algunos lugares de América Latina como fue Argentina. De Torre vivió gran parte de su vida en Argentina. 
649 |a XX 
650 |a Escritores Españoles -  |x Biografías 
650 |a Literatura Española -  |x Historia y Crítica 
650 |a Ultraísmo -  |z España -  |x Historia y Crítica 
650 |a Ultraísmo -  |z Argentina -  |x Historia y Crítica 
650 |a Corrientes y Estilos Artísticos -  |z España 
650 |a Corrientes y Estilos Artísticos -  |z Argentina 
650 |a Torre, Guillermo de 
910 |a Fondo Salvador Reynoso Reynoso 
920 |a Impresos - Libros 
930 |a Fondos Especiales 
940 |a Literatura 
905 |a 112 
901 |a 0800016269  |b IT2  |c ESP  |u 20250521 
901 |a 0800016240  |b IT2  |c ESP  |u 20250521 
902 |a https://opac.biblio.iteso.mx/vufind/Record/000156736